Guess the 1960s song lyrics #262 - Statistics

General Stats
  • This quiz has been taken 8 times
  • The average score is 220 of 442
Answer Stats
Answer % Correct
a
100%
A
100%
the
100%
The
100%
was
100%
an
83%
and
83%
And
83%
be
83%
He
83%
he
83%
I
83%
in
83%
knew
83%
my
83%
of
83%
Of
83%
on
83%
one
83%
One
83%
only
83%
that
83%
That
83%
time
83%
to
83%
When
83%
But
67%
by
67%
day
67%
down
67%
every
67%
from
67%
him
67%
his
67%
just
67%
Lorne Greene
67%
made
67%
man
67%
me
67%
No
67%
out
67%
said
67%
Say
67%
say
67%
seen
67%
then
67%
There
67%
there
67%
up
67%
with
67%
With
67%
all
50%
All
50%
at
50%
behind
50%
can't
50%
days
50%
dead
50%
For
50%
for
50%
gun
50%
had
50%
hand
50%
have
50%
it
50%
last
50%
night
50%
shot
50%
Shot
50%
so
50%
They
50%
they
50%
us
50%
used
50%
went
50%
were
50%
We're
50%
back
33%
came
33%
could
33%
even
33%
face
33%
heart
33%
knife
33%
lay
33%
life
33%
like
33%
lived
33%
may
33%
once
33%
Ringo
33%
six
33%
sun
33%
thought
33%
til
33%
took
33%
town
33%
West
33%
always
17%
anyone
17%
away
17%
being
17%
best
17%
Bill
17%
Billy
17%
burned
17%
Clutching
17%
coward
17%
dawn
17%
desert
17%
draw
17%
East
17%
far
17%
fast
17%
flying
17%
friend
17%
good
17%
Hickock
17%
hour
17%
I'd
17%
into
17%
Kids
17%
late
17%
law
17%
lead
17%
left
17%
lie
17%
meet
17%
moment
17%
Most
17%
name
17%
next
17%
ounce
17%
outlaws
17%
posse
17%
rode
17%
sand
17%
saved
17%
setting
17%
smile
17%
spark
17%
star
17%
still
17%
story
17%
street
17%
such
17%
them
17%
through
17%
under
17%
while
17%
While
17%
would
17%
years
17%
above
0%
alone
0%
awe
0%
beaten
0%
began
0%
begun
0%
blast
0%
blocked
0%
blood
0%
boothills
0%
bore
0%
cheer
0%
crest
0%
danger
0%
deadly
0%
dozen
0%
enough
0%
explain
0%
fame
0%
feared
0%
fella
0%
fire
0%
fist
0%
forty-four
0%
gained
0%
grave
0%
guns
0%
gunslingers
0%
heard
0%
history
0%
holed
0%
human
0%
land
0%
later
0%
lightning
0%
looking
0%
lowered
0%
match
0%
mended
0%
mountain
0%
near
0%
none
0%
Nowhere
0%
nursed
0%
passed
0%
path
0%
practiced
0%
put
0%
retreat
0%
Ringo's
0%
shed
0%
shout
0%
slowly
0%
someday
0%
speed
0%
spit
0%
spread
0%
stepped
0%
stung
0%
sure
0%
tarnished
0%
tear
0%
terror
0%
test
0%
There's
0%
throughout
0%
turned
0%
understood
0%
varmints
0%
watched
0%
Which
0%
word
0%
wore
0%
worse
0%
wrist
0%
No matching quizzes found
Score Distribution
Percent of People with Each Score
Percentile by Number Answered
Your Score History
You have not taken this quiz